Statistics for Mega Evolutions Pokemon

Click here to take the quiz!

General Stats

  • This quiz has been taken 146 times
    (133 since last reset)
  • The average score is 34 of 48

Answer Stats

TypesAnswer% Correct
Grass-PoisonVenusaur
96%
Ghost-PoisonGengar
92%
WaterBlastoise
91%
PsychicAlakazam
87%
Fire-DragonCharizard X
86%
Fire-FlyingCharizard Y
86%
Fire-FightingBlaziken
85%
Grass-DragonSceptile
83%
Bug-PoisonBeedrill
80%
Water-GroundSwampert
80%
Rock-FlyingAerodactyl
78%
Dark-FireHoundoom
76%
Normal-FlyingPidgeot
76%
Rock-FairyDiancie
75%
Psychic-FightingMewtwo X
75%
PsychicMewtwo Y
75%
Psychic-FairyGardevoir
74%
Electric-DragonAmpharos
73%
Dragon-GroundGarchomp
72%
Water-DarkGyarados
72%
Dragon-FlyingSalamence
72%
Dragon-PsychicLatios
71%
Fighting-SteelLucario
71%
Grass-IceAbomasnow
70%
Dragon-PsychicLatias
70%
Steel-GroundSteelix
70%
Normal-FairyAudino
68%
Bug-FightingHeracross
68%
Bug-SteelScizor
68%
Psychic-FightingGallade
67%
Steel-PsychicMetagross
67%
IceGlalie
66%
Bug-FlyingPinsir
66%
SteelAggron
65%
Dragon-FairyAltaria
65%
Dragon-FlyingRayquaza
65%
Dark-GhostSableye
65%
Rock-DarkTyranitar
65%
Fire-GroundCamerupt
64%
NormalKangaskhan
64%
Steel-FairyMawile
63%
Water-DarkSharpedo
63%
Water-PsychicSlowbro
63%
ElectricManectric
62%
Fighting-PsychicMedicham
61%
Normal-FightingLopunny
57%
GhostBanette
55%
DarkAbsol
54%

Score Distribution

Percentile by Number Answered

Percent of People with Each Score

Your Score History

You have not taken this quiz since the last reset